000 02364cam a2200409 a 4500
001 16430655
003 OSt
005 20260216144416.0
008 100824s2010 ilu b 000 0 eng
010 _a 2010035595
020 _a9780830824328
_qpbk. : alk. paper
020 _a0830824324
_qpbk. : alk. paper
035 _a16430655
035 _a(OCoLC)658200726
040 _aDLC
_cDLC
_dYDX
_dYDXCP
_dSGB
_dBWX
_dIGR
_dBTA
_dDLC
050 0 0 _aBS1355.53
_b.F93 2010
082 0 0 _a222/.707
_222
100 1 _aFyall, Robert S.
245 1 4 _aThe message of Ezra and Haggai :
_bbuilding for God /
_cRobert Fyall.
260 _aDowners Grove, Ill. :
_bInter-Varsity Press,
_cc2010.
300 _a186 p. ;
_c21 cm.
336 _atext
_btxt
_2rdacontent
337 _aunmediated
_bn
_2rdamedia
338 _avolume
_bnc
_2rdacarrier
490 1 _aThe Bible speaks today: Old Testament series
504 _aIncludes bibliographical references (p. 13-14).
505 0 _aEzra. The ransomed of the Lord return (1:1-11) ; What's in a name? (2:1-70) ; Getting priorities right (3:1-6) ; Starting to take shape (3:7-13) ; The vultures gather (4:1-24) ; God's work cannot be stopped (5:1-17) ; The king and the King (6:1-22) ; God's man arrives (7:1-10) ; The king's heart is in the hand of the Lord (7:11-28) ; Another exodus (8:1-36) ; Faithless people; faithful God (9:1-15) ; Not a happy ending (10:1-44) -- Haggai. When are we to build? (1:1-2) ; A wake-up call (1:3-11) ; At the centre (1:12-15) ; Better days are coming! (2:1-9) ; Count your blessings (2:10-19) ; The best is yet to be (2:20-23).
520 _aThis commentary by Robert Fyall highlights the contemporary parallels of the challenges Israel faced to those of today's church and demonstrates the relevance of the books of Ezra and Haggai for God's people in all times.--From publisher description.
630 0 0 _aBible.
_pEzra
_vCommentaries.
630 0 0 _aBible.
_pHaggai
_vCommentaries.
655 7 _aCommentaries.
_2lcgft
_0https://id.loc.gov/authorities/genreForms/gf2025026014
830 0 _aBible speaks today.
_pOld Testament series.
906 _a7
_bcbc
_corignew
_d1
_eecip
_f20
_gy-gencatlg
942 _2lcc
_cBK
999 _c21254
_d21253